[Event "Benidorm Satellite preliminary"]
[Site "playchess.com #007036"]
[Date "2009.10.24"]
[Round "6"]
[White "Immer Letzter"]
[Black "Chesstiger9"]
[Result "1-0"]
[WhiteElo "2526"]
[BlackElo "2114"]
[PlyCount "121"]
[EventDate "2009.10.24"]
[EventType "swiss (blitz)"]

1. e4 {[%emt 0:00:02]} c5 {[%emt 0:00:02]} 2. Nf3 {[%emt 0:00:01]} e6 {[%emt 0:
00:01]} 3. c4 {[%emt 0:00:01]} a6 {[%emt 0:00:02]} 4. d4 {[%emt 0:00:01]} cxd4
{[%emt 0:00:01]} 5. Nxd4 {[%emt 0:00:01]} d6 {[%emt 0:00:01]} 6. Nc3 {[%emt 0:
00:01]} Nf6 {[%emt 0:00:01]} 7. Be3 {[%emt 0:00:02]} Be7 {[%emt 0:00:01]} 8.
Be2 {[%emt 0:00:01]} Nbd7 {[%emt 0:00:01]} 9. O-O {[%emt 0:00:01]} Qc7 {[%emt
0:00:01]} 10. Rc1 {[%emt 0:00:01]} O-O {[%emt 0:00:02]} 11. f3 {[%emt 0:00:02]}
b6 {[%emt 0:00:01]} 12. Qd2 {[%emt 0:00:01]} Bb7 {[%emt 0:00:01]} 13. Rfd1 {
[%emt 0:00:01]} Rac8 {[%emt 0:00:01]} 14. Bf1 {[%emt 0:00:01]} Kh8 {[%emt 0:00:
01]} 15. b3 {[%emt 0:00:01]} h6 {[%emt 0:00:01]} 16. Nde2 {[%emt 0:00:22]} g5 {
[%emt 0:00:03]} 17. h4 {[%emt 0:00:06]} Nh7 {[%emt 0:00:05]} 18. hxg5 {[%emt 0:
00:06]} hxg5 {[%emt 0:00:04]} 19. Ng3 {[%emt 0:00:08]} f5 {[%emt 0:00:03]} 20.
exf5 {[%emt 0:00:04]} exf5 {[%emt 0:00:01]} 21. Bd4+ {[%emt 0:00:05]} Kg8 {
[%emt 0:00:09]} 22. Nd5 {[%emt 0:00:05]} Bxd5 {[%emt 0:00:12]} 23. cxd5 {[%emt
0:00:02]} Qb7 {[%emt 0:00:07]} 24. Bd3 {[%emt 0:00:20]} Bf6 {[%emt 0:00:35]}
25. Bxf6 {[%emt 0:00:14]} Ndxf6 {[%emt 0:00:01]} 26. Bxf5 {[%emt 0:00:01]} Rc5
{[%emt 0:00:07]} 27. Be6+ {[%emt 0:00:09]} Kh8 {[%emt 0:00:05]} 28. b4 {[%emt
0:00:03]} Rxc1 {[%emt 0:00:06]} 29. Rxc1 {[%emt 0:00:01]} Qe7 {[%emt 0:00:14]}
30. Nf5 {[%emt 0:00:09]} Qe8 {[%emt 0:00:15]} 31. g4 {[%emt 0:00:07]} Qb8 {
[%emt 0:00:23]} 32. Qh2 {[%emt 0:00:14]} Rd8 {[%emt 0:00:14]} 33. Rc6 {[%emt 0:
00:03]} b5 {[%emt 0:00:03]} 34. Rxd6 {[%emt 0:00:11]} Qa7+ {[%emt 0:00:02]} 35.
Qf2 {[%emt 0:00:01]} Qxf2+ {[%emt 0:00:05]} 36. Kxf2 {[%emt 0:00:01]} Rxd6 {
[%emt 0:00:00]} 37. Nxd6 {[%emt 0:00:01]} Nf8 {[%emt 0:00:02]} 38. Nf7+ {[%emt
0:00:02]} Kg7 {[%emt 0:00:03]} 39. Nxg5 {[%emt 0:00:01]} Nxe6 {[%emt 0:00:01]}
40. dxe6 {[%emt 0:00:03]} Nd5 {[%emt 0:00:03]} 41. a3 {[%emt 0:00:03]} Kf6 {
[%emt 0:00:01]} 42. Ne4+ {[%emt 0:00:02]} Kxe6 {[%emt 0:00:01]} 43. Nc5+ {
[%emt 0:00:01]} Ke5 {[%emt 0:00:02]} 44. Nxa6 {[%emt 0:00:01]} Kf4 {[%emt 0:00:
05]} 45. Nc5 {[%emt 0:00:03]} Nc3 {[%emt 0:00:02]} 46. Nd3+ {[%emt 0:00:09]}
Kg5 {[%emt 0:00:03]} 47. Kg3 {[%emt 0:00:03]} Nb1 {[%emt 0:00:02]} 48. f4+ {
[%emt 0:00:03]} Kg6 {[%emt 0:00:04]} 49. Ne5+ {[%emt 0:00:02]} Kf6 {[%emt 0:00:
01]} 50. Nf3 {[%emt 0:00:14]} Nxa3 {[%emt 0:00:01]} 51. f5 {[%emt 0:00:01]} Nc2
{[%emt 0:00:02]} 52. Kf4 {[%emt 0:00:01]} Nxb4 {[%emt 0:00:01]} 53. g5+ {[%emt
0:00:01]} Ke7 {[%emt 0:00:04]} 54. f6+ {[%emt 0:00:01]} Kf8 {[%emt 0:00:08]}
55. Kf5 {[%emt 0:00:04]} Nd5 {[%emt 0:00:03]} 56. g6 {[%emt 0:00:06]} b4 {
[%emt 0:00:03]} 57. Nd4 {[%emt 0:00:09]} Ne3+ {[%emt 0:00:06]} 58. Ke6 {[%emt
0:00:04]} Ng4 {[%emt 0:00:01]} 59. Nf5 {[%emt 0:00:18]} b3 {[%emt 0:00:20]} 60.
g7+ {[%emt 0:00:02]} Kg8 {[%emt 0:00:02]} 61. Ne7+ {[%emt 0:00:01] Chesstiger9
resigns} 1-0

[Event "Benidorm Satellite preliminary"]
[Site "playchess.com #007036"]
[Date "2009.10.24"]
[Round "6"]
[White "Alexiz"]
[Black "Xankov"]
[Result "1/2-1/2"]
[WhiteElo "1695"]
[BlackElo "1810"]
[PlyCount "123"]
[EventDate "2009.10.24"]
[EventType "swiss (blitz)"]

1. d4 {[%emt 0:00:03]} d6 {[%emt 0:00:02]} 2. c4 {[%emt 0:00:01]} e5 {[%emt 0:
00:01]} 3. Nf3 {[%emt 0:00:01]} e4 {[%emt 0:00:11]} 4. Ng5 {[%emt 0:00:02]} f5
{[%emt 0:00:04]} 5. g3 {[%emt 0:00:02]} Be7 {[%emt 0:00:12]} 6. Nh3 {[%emt 0:
00:04]} Nf6 {[%emt 0:00:04]} 7. Bg2 {[%emt 0:00:01]} c6 {[%emt 0:00:01]} 8. Nc3
{[%emt 0:00:01]} Na6 {[%emt 0:00:02]} 9. O-O {[%emt 0:00:02]} O-O {[%emt 0:00:
02]} 10. f3 {[%emt 0:00:03]} d5 {[%emt 0:00:10]} 11. cxd5 {[%emt 0:00:02]} cxd5
{[%emt 0:00:03]} 12. Qb3 {[%emt 0:00:05]} Kh8 {[%emt 0:00:07]} 13. Nf4 {[%emt
0:00:03]} Nc7 {[%emt 0:00:02]} 14. a4 {[%emt 0:00:23]} Qd6 {[%emt 0:00:21]} 15.
Nb5 {[%emt 0:00:08]} Nxb5 {[%emt 0:00:03]} 16. axb5 {[%emt 0:00:12]} Bd7 {
[%emt 0:00:05]} 17. Bd2 {[%emt 0:00:03]} g5 {[%emt 0:00:23]} 18. Nh3 {[%emt 0:
00:06]} h6 {[%emt 0:00:01]} 19. Rfc1 {[%emt 0:00:10]} Nh5 {[%emt 0:00:12]} 20.
fxe4 {[%emt 0:00:16]} fxe4 {[%emt 0:00:06]} 21. Rf1 {[%emt 0:00:13]} Nf6 {
[%emt 0:00:02]} 22. Nf2 {[%emt 0:00:12]} Ng4 {[%emt 0:00:03]} 23. Nxg4 {[%emt
0:00:06]} Bxg4 {[%emt 0:00:01]} 24. e3 {[%emt 0:00:02]} Be2 {[%emt 0:00:08]}
25. Rxf8+ {[%emt 0:00:03]} Bxf8 {[%emt 0:00:08]} 26. Re1 {[%emt 0:00:04]} Bc4 {
[%emt 0:00:03]} 27. Qa4 {[%emt 0:00:02]} Qb6 {[%emt 0:00:11]} 28. Bc3 {[%emt 0:
00:29]} Qxb5 {[%emt 0:00:04]} 29. Qa1 {[%emt 0:00:03]} Bb4 {[%emt 0:00:06]} 30.
Qc1 {[%emt 0:00:11]} Bxc3 {[%emt 0:00:03]} 31. Qxc3 {[%emt 0:00:03]} a5 {[%emt
0:00:05]} 32. Ra1 {[%emt 0:00:06]} b6 {[%emt 0:00:07]} 33. b4 {[%emt 0:00:28]}
Ra6 {[%emt 0:00:10]} 34. bxa5 {[%emt 0:00:06]} Rxa5 {[%emt 0:00:02]} 35. Rxa5 {
[%emt 0:00:02]} Qxa5 {[%emt 0:00:01]} 36. Qb2 {[%emt 0:00:01]} b5 {[%emt 0:00:
05]} 37. Kf2 {[%emt 0:00:03]} Qa2 {[%emt 0:00:02]} 38. Qxa2 {[%emt 0:00:03]}
Bxa2 {[%emt 0:00:01]} 39. Ke2 {[%emt 0:00:04]} b4 {[%emt 0:00:03]} 40. Kd2 {
[%emt 0:00:01]} Bc4 {[%emt 0:00:07]} 41. Kc2 {[%emt 0:00:02]} Kg7 {[%emt 0:00:
03]} 42. Bh3 {[%emt 0:00:04]} Kf6 {[%emt 0:00:01]} 43. Bd7 {[%emt 0:00:02]} Ke7
{[%emt 0:00:03]} 44. Ba4 {[%emt 0:00:03]} Kd6 {[%emt 0:00:04]} 45. Kb2 {[%emt
0:00:02]} Kc7 {[%emt 0:00:02]} 46. Bb3 {[%emt 0:00:03]} Kd6 {[%emt 0:00:26] '}
47. Bd1 {[%emt 0:00:02]} Kc6 {[%emt 0:00:02]} 48. h4 {[%emt 0:00:03]} Kb5 {
[%emt 0:00:03]} 49. hxg5 {[%emt 0:00:02]} hxg5 {[%emt 0:00:01]} 50. Bc2 {[%emt
0:00:04]} Bd3 {[%emt 0:00:03]} 51. Bb3 {[%emt 0:00:02]} Bc4 {[%emt 0:00:02]}
52. Bc2 {[%emt 0:00:02]} Ka5 {[%emt 0:00:01]} 53. Bd1 {[%emt 0:00:02]} Bb5 {
[%emt 0:00:02]} 54. Bb3 {[%emt 0:00:02]} Bc6 {[%emt 0:00:01]} 55. Bc2 {[%emt 0:
00:02]} Ba4 {[%emt 0:00:02]} 56. Bb1 {[%emt 0:00:02]} Kb5 {[%emt 0:00:02]} 57.
Ba2 {[%emt 0:00:02]} Bd1 {[%emt 0:00:03]} 58. Bxd5 {[%emt 0:00:02]} Bf3 {[%emt
0:00:03]} 59. Kb3 {[%emt 0:00:01]} Bd1+ {[%emt 0:00:02]} 60. Kb2 {[%emt 0:00:
02]} Bf3 {[%emt 0:00:01]} 61. Kb3 {[%emt 0:00:01]} Bd1+ {[%emt 0:00:05]} 62.
Kb2 {[%emt 0:00:01]} 1/2-1/2

[Event "Benidorm Satellite preliminary"]
[Site "playchess.com #007036"]
[Date "2009.10.24"]
[Round "6"]
[White "Thin_white_duke"]
[Black "Kendo"]
[Result "0-1"]
[WhiteElo "2369"]
[BlackElo "2661"]
[PlyCount "104"]
[EventDate "2009.10.24"]
[EventType "swiss (blitz)"]

1. d4 {[%emt 0:00:05]} e6 {[%emt 0:00:03]} 2. c4 {[%emt 0:00:01]} Nf6 {[%emt 0:
00:01]} 3. g3 {[%emt 0:00:02]} Bb4+ {[%emt 0:00:02]} 4. Bd2 {[%emt 0:00:02]}
Qe7 {[%emt 0:00:01]} 5. Nf3 {[%emt 0:00:02]} O-O {[%emt 0:00:01]} 6. Bg2 {
[%emt 0:00:01]} Nc6 {[%emt 0:00:04]} 7. O-O {[%emt 0:00:03]} Bxd2 {[%emt 0:00:
04]} 8. Nbxd2 {[%emt 0:00:01]} e5 {[%emt 0:00:01]} 9. d5 {[%emt 0:00:02]} Nb8 {
[%emt 0:00:02]} 10. e4 {[%emt 0:00:01]} a5 {[%emt 0:00:05]} 11. Qb3 {[%emt 0:
00:07]} d6 {[%emt 0:00:05]} 12. Qa3 {[%emt 0:00:03]} b6 {[%emt 0:00:04]} 13.
Ne1 {[%emt 0:00:08]} Na6 {[%emt 0:00:09]} 14. Nd3 {[%emt 0:00:08]} Nc5 {[%emt
0:00:31]} 15. Nxc5 {[%emt 0:00:03]} bxc5 {[%emt 0:00:00]} 16. Qc3 {[%emt 0:00:
04]} Bd7 {[%emt 0:00:07]} 17. a4 {[%emt 0:00:03]} Ne8 {[%emt 0:00:23]} 18. f4 {
[%emt 0:00:02]} f6 {[%emt 0:00:42]} 19. f5 {[%emt 0:00:11]} g5 {[%emt 0:00:09]}
20. h4 {[%emt 0:00:08]} gxh4 {[%emt 0:00:03]} 21. gxh4 {[%emt 0:00:01]} Kh8 {
[%emt 0:00:01]} 22. Kh2 {[%emt 0:00:08]} Ng7 {[%emt 0:00:05]} 23. Bf3 {[%emt 0:
00:03]} Be8 {[%emt 0:00:08]} 24. Rg1 {[%emt 0:00:01]} Nh5 {[%emt 0:00:02]} 25.
Bxh5 {[%emt 0:00:08]} Bxh5 {[%emt 0:00:02]} 26. Rg3 {[%emt 0:00:03]} Rg8 {
[%emt 0:00:05]} 27. Rag1 {[%emt 0:00:01]} Rxg3 {[%emt 0:00:05] Thin_white_duke
reconnected.} 28. Rxg3 {[%emt 0:00:04]} Qf8 {[%emt 0:00:08]} 29. Qe3 {[%emt 0:
00:05]} Rb8 {[%emt 0:00:04]} 30. b3 {[%emt 0:00:01]} Qf7 {[%emt 0:00:16]} 31.
Nb1 {[%emt 0:00:04]} Bd1 {[%emt 0:00:06]} 32. Nd2 {[%emt 0:00:27] .} Qh5 {
[%emt 0:00:02]} 33. Qe1 {[%emt 0:00:17]} Bg4 {[%emt 0:00:16]} 34. Rg2 {[%emt 0:
00:11]} Rg8 {[%emt 0:00:03]} 35. Qg3 {[%emt 0:00:01]} Qh6 {[%emt 0:00:03]} 36.
Nb1 {[%emt 0:00:06]} Qf4 {[%emt 0:00:04]} 37. Nc3 {[%emt 0:00:03]} Bf3 {[%emt
0:00:06]} 38. Qxf4 {[%emt 0:00:05]} Rxg2+ {[%emt 0:00:00]} 39. Kh3 {[%emt 0:00:
02]} exf4 {[%emt 0:00:01]} 40. Nb5 {[%emt 0:00:01]} Bxe4 {[%emt 0:00:02]} 41.
Nxc7 {[%emt 0:00:01]} Rg3+ {[%emt 0:00:02]} 42. Kh2 {[%emt 0:00:02]} Bxf5 {
[%emt 0:00:01]} 43. Ne8 {[%emt 0:00:03]} Rxb3 {[%emt 0:00:02]} 44. Nxd6 {[%emt
0:00:01]} Bd3 {[%emt 0:00:02]} 45. Ne8 {[%emt 0:00:05]} f3 {[%emt 0:00:03]} 46.
Kg3 {[%emt 0:00:03]} Bxc4 {[%emt 0:00:01]} 47. d6 {[%emt 0:00:01]} Rd3 {[%emt
0:00:04]} 48. Kf2 {[%emt 0:00:09]} f5 {[%emt 0:00:03]} 49. h5 {[%emt 0:00:03]}
Bb3 {[%emt 0:00:02]} 50. h6 {[%emt 0:00:11]} Bxa4 {[%emt 0:00:01]} 51. Ng7 {
[%emt 0:00:02]} c4 {[%emt 0:00:02]} 52. Nxf5 {[%emt 0:00:06]} c3 {[%emt 0:00:
01] Thin_white_duke rinde} 0-1

[Event "Benidorm Satellite preliminary"]
[Site "playchess.com #007036"]
[Date "2009.10.24"]
[Round "6"]
[White "Racoony"]
[Black "Chessir"]
[Result "1/2-1/2"]
[WhiteElo "1736"]
[BlackElo "1946"]
[PlyCount "142"]
[EventDate "2009.10.24"]
[EventType "swiss (blitz)"]

1. d4 {[%emt 0:00:02]} d5 {[%emt 0:00:05]} 2. c4 {[%emt 0:00:02]} c6 {[%emt 0:
00:02]} 3. Nf3 {[%emt 0:00:03]} dxc4 {[%emt 0:00:01]} 4. e3 {[%emt 0:00:03]} b5
{[%emt 0:00:03]} 5. a4 {[%emt 0:00:05]} e6 {[%emt 0:00:03]} 6. axb5 {[%emt 0:
00:02]} cxb5 {[%emt 0:00:02]} 7. b3 {[%emt 0:00:01]} Bb4+ {[%emt 0:00:02]} 8.
Bd2 {[%emt 0:00:01]} Bxd2+ {[%emt 0:00:01]} 9. Nbxd2 {[%emt 0:00:01]} c3 {
[%emt 0:00:02]} 10. Bxb5+ {[%emt 0:00:12]} Bd7 {[%emt 0:00:02]} 11. Bxd7+ {
[%emt 0:00:05]} Nxd7 {[%emt 0:00:03]} 12. Nc4 {[%emt 0:00:04]} Ngf6 {[%emt 0:
00:02]} 13. O-O {[%emt 0:00:18]} O-O {[%emt 0:00:03]} 14. Qd3 {[%emt 0:00:04]}
Nd5 {[%emt 0:00:21]} 15. e4 {[%emt 0:00:18]} Nf4 {[%emt 0:00:12]} 16. Qe3 {
[%emt 0:00:01]} Ng6 {[%emt 0:00:09]} 17. Qxc3 {[%emt 0:00:02]} Nb6 {[%emt 0:00:
02]} 18. Rfd1 {[%emt 0:00:17]} Nf4 {[%emt 0:00:05]} 19. Qe3 {[%emt 0:00:04]}
Ng6 {[%emt 0:00:16]} 20. Ra6 {[%emt 0:00:19]} Nxc4 {[%emt 0:00:06]} 21. bxc4 {
[%emt 0:00:02]} Qc8 {[%emt 0:00:05]} 22. Ra4 {[%emt 0:00:05]} Qc6 {[%emt 0:00:
05]} 23. Rda1 {[%emt 0:00:05]} Rfc8 {[%emt 0:00:16]} 24. h3 {[%emt 0:00:14]} a6
{[%emt 0:00:06]} 25. d5 {[%emt 0:00:03]} exd5 {[%emt 0:00:04]} 26. cxd5 {[%emt
0:00:01]} Qf6 {[%emt 0:00:20]} 27. e5 {[%emt 0:00:05]} Qd8 {[%emt 0:00:17]} 28.
d6 {[%emt 0:00:13]} Rc6 {[%emt 0:00:10]} 29. Nd4 {[%emt 0:00:12]} Rb6 {[%emt 0:
00:10]} 30. Nf5 {[%emt 0:00:04]} h6 {[%emt 0:00:19]} 31. e6 {[%emt 0:00:05]}
fxe6 {[%emt 0:00:05]} 32. Qxe6+ {[%emt 0:00:02]} Kh7 {[%emt 0:00:01]} 33. Qf7 {
[%emt 0:00:29] .} Qf6 {[%emt 0:00:11]} 34. Qxf6 {[%emt 0:00:04]} gxf6 {[%emt 0:
00:01]} 35. d7 {[%emt 0:00:02]} Nf8 {[%emt 0:00:04]} 36. d8=Q {[%emt 0:00:05]}
Rxd8 {[%emt 0:00:02]} 37. Rxa6 {[%emt 0:00:01]} Rxa6 {[%emt 0:00:07]} 38. Rxa6
{[%emt 0:00:02]} Rd1+ {[%emt 0:00:01]} 39. Kh2 {[%emt 0:00:02]} Kg6 {[%emt 0:
00:01]} 40. Ne7+ {[%emt 0:00:03]} Kg5 {[%emt 0:00:02]} 41. h4+ {[%emt 0:00:06]}
Kxh4 {[%emt 0:00:04]} 42. Rxf6 {[%emt 0:00:02]} Kg5 {[%emt 0:00:02]} 43. Rxf8 {
[%emt 0:00:01]} Re1 {[%emt 0:00:02]} 44. Nd5 {[%emt 0:00:05]} Re2 {[%emt 0:00:
02]} 45. Ne3 {[%emt 0:00:02]} Kg6 {[%emt 0:00:02]} 46. Kg3 {[%emt 0:00:01]} Kg7
{[%emt 0:00:01]} 47. Ra8 {[%emt 0:00:02]} Rb2 {[%emt 0:00:02]} 48. Ra6 {[%emt
0:00:02]} Rb3 {[%emt 0:00:05]} 49. Kf3 {[%emt 0:00:02]} h5 {[%emt 0:00:01]} 50.
g3 {[%emt 0:00:03]} Rb4 {[%emt 0:00:02]} 51. Ra5 {[%emt 0:00:03]} Kh6 {[%emt 0:
00:02]} 52. Ng2 {[%emt 0:00:02]} Rb3+ {[%emt 0:00:02]} 53. Ke4 {[%emt 0:00:05]}
Rb4+ {[%emt 0:00:01]} 54. Kd3 {[%emt 0:00:01]} Rb3+ {[%emt 0:00:01]} 55. Kc2 {
[%emt 0:00:01]} Rf3 {[%emt 0:00:01]} 56. Nf4 {[%emt 0:00:01]} Rxf2+ {[%emt 0:
00:01]} 57. Kd3 {[%emt 0:00:03]} Rf3+ {[%emt 0:00:01]} 58. Ke4 {[%emt 0:00:02]}
Rxg3 {[%emt 0:00:01]} 59. Rxh5+ {[%emt 0:00:01] Racoony bietet Remis} Kg7 {
[%emt 0:00:02]} 60. Re5 {[%emt 0:00:02]} Kf6 {[%emt 0:00:02]} 61. Rf5+ {[%emt
0:00:02]} Ke7 {[%emt 0:00:01]} 62. Rh5 {[%emt 0:00:02]} Rg4 {[%emt 0:00:02]}
63. Kf5 {[%emt 0:00:02] Racoony bietet Remis} Rg1 {[%emt 0:00:02]} 64. Rh7+ {
[%emt 0:00:03]} Kd6 {[%emt 0:00:03]} 65. Rh6+ {[%emt 0:00:01]} Kc5 {[%emt 0:00:
01]} 66. Rh7 {[%emt 0:00:01]} Kd4 {[%emt 0:00:02]} 67. Rd7+ {[%emt 0:00:01]
Racoony bietet Remis} Ke3 {[%emt 0:00:01]} 68. Re7+ {[%emt 0:00:02]} Kf3 {
[%emt 0:00:02]} 69. Ra7 {[%emt 0:00:02]} Re1 {[%emt 0:00:05]} 70. Ra3+ {[%emt
0:00:02]} Re3 {[%emt 0:00:01]} 71. Rxe3+ {[%emt 0:00:02]} Kxe3 {[%emt 0:00:00]}
1/2-1/2

[Event "Benidorm Satellite preliminary"]
[Site "playchess.com #007036"]
[Date "2009.10.24"]
[Round "6"]
[White "Thanasis892"]
[Black "Nußhardt"]
[Result "1-0"]
[WhiteElo "1909"]
[BlackElo "1709"]
[PlyCount "147"]
[EventDate "2009.10.24"]
[EventType "swiss (blitz)"]

1. e4 {[%emt 0:00:02]} c5 {[%emt 0:00:03]} 2. Nc3 {[%emt 0:00:02]} e6 {[%emt 0:
00:02]} 3. Bc4 {[%emt 0:00:02]} Nc6 {[%emt 0:00:04]} 4. f4 {[%emt 0:00:03]} f6
{[%emt 0:00:06]} 5. Nf3 {[%emt 0:00:12]} Nd4 {[%emt 0:00:01]} 6. O-O {[%emt 0:
00:09]} a6 {[%emt 0:00:08]} 7. a4 {[%emt 0:00:02]} d6 {[%emt 0:00:06]} 8. Ne2 {
[%emt 0:00:09]} Nxf3+ {[%emt 0:00:04]} 9. Rxf3 {[%emt 0:00:02]} d5 {[%emt 0:00:
02]} 10. exd5 {[%emt 0:00:00]} exd5 {[%emt 0:00:03]} 11. Ba2 {[%emt 0:00:10]}
Be6 {[%emt 0:00:02]} 12. f5 {[%emt 0:00:03]} Bf7 {[%emt 0:00:02]} 13. Nf4 {
[%emt 0:00:01]} c4 {[%emt 0:00:14]} 14. d3 {[%emt 0:00:05]} Bc5+ {[%emt 0:00:
04]} 15. Kh1 {[%emt 0:00:03]} Ne7 {[%emt 0:00:03]} 16. dxc4 {[%emt 0:00:22]}
dxc4 {[%emt 0:00:03]} 17. Qe2 {[%emt 0:00:01]} O-O {[%emt 0:00:05]} 18. Ne6 {
[%emt 0:00:01]} Bxe6 {[%emt 0:00:04]} 19. Qxe6+ {[%emt 0:00:01]} Kh8 {[%emt 0:
00:02]} 20. Be3 {[%emt 0:00:15]} Bxe3 {[%emt 0:00:10]} 21. Rxe3 {[%emt 0:00:00]
} Nc6 {[%emt 0:00:10]} 22. Qxc4 {[%emt 0:00:08]} Re8 {[%emt 0:00:07]} 23. Rae1
{[%emt 0:00:04]} Ne5 {[%emt 0:00:03]} 24. Qb4 {[%emt 0:00:10]} Qc7 {[%emt 0:00:
07]} 25. Rc3 {[%emt 0:00:10]} Qd7 {[%emt 0:00:08]} 26. Rce3 {[%emt 0:00:08]} b5
{[%emt 0:00:05]} 27. Be6 {[%emt 0:00:02]} Qe7 {[%emt 0:00:07]} 28. Qb3 {[%emt
0:00:06]} b4 {[%emt 0:00:10]} 29. Rd1 {[%emt 0:00:11]} Red8 {[%emt 0:00:04]}
30. Ree1 {[%emt 0:00:03]} a5 {[%emt 0:00:04]} 31. c3 {[%emt 0:00:13]} h6 {
[%emt 0:00:03]} 32. Rxd8+ {[%emt 0:00:02]} Rxd8 {[%emt 0:00:05]} 33. Rd1 {
[%emt 0:00:00]} bxc3 {[%emt 0:00:13]} 34. bxc3 {[%emt 0:00:05]} Ng4 {[%emt 0:
00:12]} 35. Rxd8+ {[%emt 0:00:15]} Qxd8 {[%emt 0:00:04]} 36. Qd5 {[%emt 0:00:
10]} Qxd5 {[%emt 0:00:07]} 37. Bxd5 {[%emt 0:00:00]} Ne3 {[%emt 0:00:02]} 38.
Be6 {[%emt 0:00:07]} g6 {[%emt 0:00:08]} 39. fxg6 {[%emt 0:00:05]} Kg7 {[%emt
0:00:02]} 40. Bf7 {[%emt 0:00:01]} f5 {[%emt 0:00:04]} 41. Kg1 {[%emt 0:00:03]}
Ng4 {[%emt 0:00:04]} 42. h3 {[%emt 0:00:06]} Ne5 {[%emt 0:00:05]} 43. Kf2 {
[%emt 0:00:02]} Nd7 {[%emt 0:00:08]} 44. Ke3 {[%emt 0:00:07]} Nc5 {[%emt 0:00:
03]} 45. Be8 {[%emt 0:00:01]} Kf6 {[%emt 0:00:10]} 46. h4 {[%emt 0:00:04]} Ne6
{[%emt 0:00:07]} 47. Bd7 {[%emt 0:00:13]} Nc5 {[%emt 0:00:04]} 48. Be8 {[%emt
0:00:01]} Ne6 {[%emt 0:00:02]} 49. Kd3 {[%emt 0:00:02]} Nf4+ {[%emt 0:00:03]}
50. Kc4 {[%emt 0:00:02]} Nxg2 {[%emt 0:00:01]} 51. h5 {[%emt 0:00:02]} f4 {
[%emt 0:00:01]} 52. Bc6 {[%emt 0:00:06]} f3 {[%emt 0:00:02]} 53. Bxf3 {[%emt 0:
00:02]} Nh4 {[%emt 0:00:02]} 54. Bd1 {[%emt 0:00:01]} Ng2 {[%emt 0:00:04]} 55.
Kb5 {[%emt 0:00:03]} Nf4 {[%emt 0:00:03]} 56. Kxa5 {[%emt 0:00:02]} Nd5 {[%emt
0:00:03]} 57. c4 {[%emt 0:00:02]} Ne3 {[%emt 0:00:01]} 58. Be2 {[%emt 0:00:02]}
Nf5 {[%emt 0:00:01]} 59. Kb6 {[%emt 0:00:02]} Ng3 {[%emt 0:00:02]} 60. Bf3 {
[%emt 0:00:02]} Nf5 {[%emt 0:00:02]} 61. a5 {[%emt 0:00:02]} Nd4 {[%emt 0:00:
02]} 62. Bd1 {[%emt 0:00:01]} Ne6 {[%emt 0:00:03]} 63. a6 {[%emt 0:00:01]} Nd4
{[%emt 0:00:02]} 64. a7 {[%emt 0:00:02]} Ne6 {[%emt 0:00:03]} 65. a8=Q {[%emt
0:00:01]} Ng7 {[%emt 0:00:05]} 66. Qf8+ {[%emt 0:00:02]} Kg5 {[%emt 0:00:02]}
67. Qxg7 {[%emt 0:00:01]} Kf5 {[%emt 0:00:03]} 68. Qf7+ {[%emt 0:00:01]} Ke5 {
[%emt 0:00:02]} 69. g7 {[%emt 0:00:05]} Kd4 {[%emt 0:00:01]} 70. g8=Q {[%emt 0:
00:01]} Kd3 {[%emt 0:00:01]} 71. Qg3+ {[%emt 0:00:02]} Kd2 {[%emt 0:00:02]} 72.
Qff2+ {[%emt 0:00:01]} Kc1 {[%emt 0:00:04]} 73. Qc3+ {[%emt 0:00:01]} Kb1 {
[%emt 0:00:03]} 74. Qfb2# {[%emt 0:00:00]} 1-0